Top 30 Chinese Counties by GDP - Statistics

General Stats
  • This quiz has been taken 14 times
  • The average score is 23 of 52
Answer Stats
Rank GDP
(billion RMB)
Province Prefecture County % Correct
1 1671.5 Shanghai - Pudong New District
100%
4 838.7 Beijing - Chaoyang
91%
8 570.5 Guangdong Shenzhen Futian
91%
2 1102.0 Beijing - Haidian
82%
40 281.2 Guangdong Guangzhou Baiyun
73%
5 724.9 Tianjin - Binhai New District
73%
9 548.4 Guangdong Shenzhen Longgang
73%
41 280.8 Guangdong Shenzhen Luohu
73%
3 856.6 Guangdong Shenzhen Nanshan
73%
10 520.2 Guangdong Shenzhen Bao’an
64%
43 280.2 Jiangsu Suzhou Changshu
64%
22 354.3 Beijing - Daxing
64%
- 1143.8 Guangdong Dongguan Dongguan
64%
15 431.5 Guangdong Guangzhou Huangpu
64%
27 315.7 Shanghai - Huangpu
64%
14 431.7 Guangdong Foshan Shunde
64%
7 600.3 Beijing - Xicheng
64%
23 343.4 Jiangsu Suzhou Zhangjiagang
64%
11 514.1 Jiangsu Suzhou Kunshan
55%
31 301.1 Guangdong Shenzhen Longhua
55%
6 655.1 Guangdong Guangzhou Tianhe
55%
21 357.4 Beijing - Dongcheng
45%
20 368.6 Jiangsu Suzhou Gongyeyuanqu / Suzhou Industrial Park
45%
46 271.8 Guangdong Guangzhou Haizhu
45%
38 284.0 Shanghai - Jiading
45%
37 284.6 Shanghai - Jing’an
45%
25 320.7 Fujian Quanzhou Jinjiang
45%
32 300.2 Shanghai - Minhang
45%
19 381.0 Guangdong Guangzhou Yuexiu
45%
- 385.1 Guangdong Zhongshan Zhongshan
45%
36 285.1 Fujian Fuzhou Gulou
36%
12 500.3 Shandong Qingdao Huangdao
36%
13 496.1 Jiangsu Wuxi Jiangyin
36%
17 393.1 Guangdong Foshan Nanhai
36%
34 286.7 Guangdong Guangzhou Panyu
36%
35 285.4 Shanghai - Xuhui
36%
49 266.8 Jiangsu Nanjing Jiangbei New District
27%
30 305.6 Jiangsu Nanjing Jiangning
27%
18 389.9 Sichuan Chengdu Wuhou
27%
28 311.9 Shaanxi Xi’an Yanta
27%
42 280.3 Zhejiang Ningbo Yinzhou
27%
45 272.9 Zhejiang Ningbo Beilun
18%
44 273.0 Fujian Xiamen Siming
18%
39 281.9 Guangdong Zhuhai Xiangzhou
18%
47 271.5 Shandong Yantai Fushan
9%
29 310.1 Henan Zhengzhou Jinshui
9%
26 316.8 Shandong Ji’nan Licheng
9%
16 418.3 Anhui Hefei Shushan
9%
24 322.3 Jiangsu Changzhou Wujin
9%
33 293.6 Zhejiang Hangzhou Yuhang
9%
50 264.0 Jiangsu Nantong Chongchuan
0%
48 269.9 Hubei Wuhan Donghu High-tech Development Zone
0%
No matching quizzes found
Score Distribution
Percent of People with Each Score
Percentile by Number Answered
Your Score History
You have not taken this quiz